000 00313nam a2200109Ia 4500
008 171211s9999 xx 000 0 und d
245 _aSo You Want to Sing Jazz : A Guide for Professionals
245 _cJan Shapiro
260 _c2016
650 _xmusic
856 _uhttp://down.ebook777.com/061/9781442229358.pdf
999 _c348673
_d348673